[Event "Lesnica Pieniny op"]
[Site "Lesnica"]
[Date "2024.03.22"]
[Round "3"]
[White "Nemergut, Matej"]
[Black "Siman, Pavol"]
[Result "1-0"]
[WhiteElo "2077"]
[BlackElo "1722"]
[PlyCount "59"]
[EventDate "2024.03.21"]
[EventType "swiss"]
[EventRounds "7"]
[EventCountry "SVK"]
[SourceTitle "CBM 219 Extra"]
[Source "ChessBase"]
[SourceDate "2024.05.31"]
[SourceVersion "1"]
[SourceVersionDate "2024.05.31"]
[SourceQuality "1"]

1. e4 e5 2. Nf3 Nc6 3. Bb5 Nf6 4. d3 d6 5. h3 a6 6. Ba4 b5 7. Bb3 Na5 8. c3 Nxb3 9. axb3 Bb7 10. 0-0 Be7 11. Re1 0-0 12. Nbd2 Nd7 13. d4 f5 14. dxe5 dxe5 15. exf5 Rxf5 16. Qc2 Qf8 17. b4 Rd8 18. Ne4 Nb6 19. Nfg5 Bd5 20. h4 h6 21. Ng3 hxg5 22. Nxf5 gxh4 23. Nxe7+ Qxe7 24. Qf5 Rd6 25. Bg5 Qe6 26. Qxe6+ Rxe6 27. Bxh4 Nc4 28. Bg3 e4 29. b3 Nd2 30. Rad1 1-0

[Event "SVK-chT2C 1819"]
[Site "Slovakia"]
[Date "2018.12.16"]
[Round "6.8"]
[White "Szabo, Ladislav1"]
[Black "Siman, Pavol"]
[Result "0-1"]
[WhiteElo "1551"]
[BlackElo "1557"]
[PlyCount "72"]
[EventDate "2018.10.13"]
[EventType "team-tourn"]
[EventRounds "11"]
[EventCountry "SVK"]
[SourceTitle "CBM 189 Extra"]
[Source "ChessBase"]
[SourceDate "2019.05.31"]
[SourceVersion "1"]
[SourceVersionDate "2019.05.31"]
[SourceQuality "1"]
[WhiteTeam "Vinica"]
[BlackTeam "Jelsava Magnezit"]
[WhiteTeamCountry "SVK"]
[BlackTeamCountry "SVK"]

1. e4 e5 2. Bc4 Bc5 3. Nf3 Nc6 4. c3 Nf6 5. d4 exd4 6. cxd4 Bb4+ 7. Nc3 Nxe4 8. Qe2 Bxc3+ 9. bxc3 d5 10. Bd3 0-0 11. Qc2 Re8 12. 0-0 Bg4 13. Nd2 Nf6 14. h3 Be2 15. Re1 Bxd3 16. Rxe8+ Qxe8 17. Qxd3 Qe1+ 18. Nf1 Ne4 19. Qf3 Qxc3 20. Qxc3 Nxc3 21. Be3 Ne2+ 22. Kh2 Ncxd4 23. Ng3 Nxg3 24. Bxd4 Nf5 25. Be5 c6 26. g4 Ne7 27. Bd6 Ng6 28. a3 f6 29. Kg3 Kf7 30. h4 Rd8 31. Bb4 b6 32. h5 Ne5 33. f4 Nc4 34. a4 Re8 35. Be1 Re3+ 36. Kf2 Ra3 0-1